00973cam a2200325 a 450000100060000000300080000600500170001400800410003102000150007203500190008704000370010604100080014306000170015108200270016824501170019525000120031226000340032430000380035850400320039650400220042865000150045065000130046565000140047865000290049265000200052165000130054165000210055470000200057570000520059512220BD-RjUL20211208235245.0140128s1985 nyua b 001 0 eng c a0444009442 a(BD-RjUL)12269 aDNLM/DLCcDLCdDLCdBD-RjULbeng aeng 0aWL 102 P954700a599.0188219bPRI 198500aPrinciples of neural science /cedited by Eric R. Kandel and James H. Schwartz ; art rendered by Jonathan Dimes. a2nd ed. aNew York :bElsevier,cc1985. axxxviii, 979 p. :bill. ;c29 cm. aBibliography: p. [895]-922. aIncludes indexes. 0aNeurology. 0aNeurons. 2aBehavior. 2aNervous System Diseases. 2aNeurochemistry. 2aNeurons. 2aNeurophysiology.1 aKandel, Eric R.1 aSchwartz, James H.q(James Harris),d1932-2006.